Statistics for Guess The Singer #2

Click here to take the quiz!

General Stats

  • This quiz has been taken 46 times
    (23 since last reset)
  • The average score is 8 of 20

Answer Stats

SongAnswer% Correct
PerfectEd Sheeran
80%
Call Me MaybeCarly Rae Jepsen
70%
LevitatingDua Lipa
70%
HavanaCamilla Cabello
65%
Stairway To HeavenLed Zeppelin
65%
What A Wonderful WorldLouis Armstrong
55%
Hymn For The WeekendColdplay
50%
HeroesDavid Bowie
45%
I Got You (I Feel Good)James Brown
45%
Three Little BirdsBob Marley & The Wailers
40%
If I Could Turn Back TimeCher
30%
You've Got A Friend In MeRandy Newman
30%
Stand By MeBen E. King
25%
World CupIShowSpeed
25%
Let's Go CrazyPrince
25%
RunawayAURORA
20%
Life Goes OnOliver Tree
15%
Merry Christmas EverybodySlade
15%
TightropeJanelle Monáe
5%
Seventeen Going UnderSam Fender
5%

Score Distribution

Percentile by Number Answered

Percent of People with Each Score

Your Score History

You have not taken this quiz since the last reset